| 000 | 00916 a2200253 4500 | ||
|---|---|---|---|
| 003 | Nust | ||
| 005 | 20170207154029.0 | ||
| 010 | _a 2003041889 | ||
| 020 | _a1580533558 (alk. paper) | ||
| 040 | _cNust | ||
| 082 | 0 | 0 | _a621.382 |
| 100 | 1 | _aMukherjee, Amitava, | |
| 245 | 1 | 0 |
_aLocation management and routing in mobile wireless networks-(E-BOOK) _cAmitava Mukherjee, Somprakash Bandyopadhyay, Debashis Saha. |
| 260 |
_aBoston, MA : _bArtech House, _cc2003. |
||
| 300 |
_axv, 213 p. : _bill. ; _c24 cm. |
||
| 440 | 0 | _aArtech House mobile communications series | |
| 505 | _aPt. I Cellular Networks Pt. II Ad Hoc Wireless Networks Pt. III Future Issues | ||
| 650 | 0 | _aRouters (Computer networks) | |
| 650 | 0 |
_aWireless communication systems _xLocation. |
|
| 650 | 0 |
_aWireless communication systems _xManagement. |
|
| 651 | _aE-BOOK | ||
| 700 | 1 |
_aBandyopadhyay, Somprakash, _d1957- |
|
| 700 | 1 |
_aSaha, Debashis, _d1965- |
|
| 942 |
_2ddc _cBK |
||
| 999 |
_c192043 _d192043 |
||